| 000 | 00624 am a22002178a 4500 | ||
|---|---|---|---|
| 001 | 006922393 | ||
| 005 | 20161208113136.0 | ||
| 008 | 020719s2002 xxc || 000 ||eng | ||
| 020 | _a1550091840 : | ||
| 020 | _a9781550091847 | ||
| 082 | 0 | 4 |
_a617.632 _221 _bHAL |
| 100 | 1 |
_aHall, Walter B. _932100 |
|
| 245 | 1 | 0 |
_aCritical Decisions in Periodontology / _cWalter B. Hall. |
| 250 | _a4th ed. | ||
| 260 |
_aHamilton, Ont. ; _aLondon : _bB C Decker, _c2002. |
||
| 300 |
_a324 p. : _bill. ; _c28 cm. |
||
| 500 | _aIncludes CD-ROM. | ||
| 653 |
_bDent _cJanuary2013 |
||
| 650 | 0 |
_932101 _aPeriodontal disease |
|
| 942 |
_2ddc _cDN |
||
| 999 |
_c17164 _d17136 |
||